000 00328 a2200157 4500
001 171006
020 _a
040 _cMagnum
100 _aAlves, Januária Cristina
240 1 0 _aAmor de indio
_lpor
245 1 0 _aAmor de indio
362 0 _a1899
440 1 _aPaulinas
697 _aIJ/SOCIEDADE COTIDIANO
942 _cBK
999 _c171006
_d171006